A history of architecture. (19th ed.) (Record no. 76302)
[ view plain ]
| 000 -LEADER | |
|---|---|
| fixed length control field | 00908nam a2200193 a 4500 |
| 008 - FIXED-LENGTH DATA ELEMENTS--GENERAL INFORMATION | |
| fixed length control field | 120416s1987 xx |||||||||||||| || u |
| 050 ## - LIBRARY OF CONGRESS CALL NUMBER | |
| Classification number | NA 200 Fle |
| 100 ## - MAIN ENTRY--PERSONAL NAME | |
| Personal name | Musgrove, John |
| 245 12 - TITLE STATEMENT | |
| Title | A history of architecture. (19th ed.) |
| Statement of responsibility, etc. | edited by John Musgrove |
| 250 ## - EDITION STATEMENT | |
| Edition statement | 19th edition |
| 260 ## - PUBLICATION, DISTRIBUTION, ETC. | |
| Date of publication, distribution, etc. | 1987 |
| 350 ## - | |
| -- | 0.00 |
| 650 ## - SUBJECT ADDED ENTRY--TOPICAL TERM | |
| Topical term or geographic name entry element | ARCHITECTURAL DESIGN--EVALUATION |
| 650 ## - SUBJECT ADDED ENTRY--TOPICAL TERM | |
| Topical term or geographic name entry element | TEXTBOOKS |
| 700 ## - ADDED ENTRY--PERSONAL NAME | |
| Personal name | Fletcher, Banister Flight, Sir |
| 995 ## - | |
| -- | ANNEX COLLECTION (Main Library) |
| -- | 0.00 |
| -- | 724459 |
| -- | CBU-MAIN LIBRARY (Kitwe) |
| -- | 3 |
| -- | 695.00 |
| -- | NA 200 Fle |
| -- | 1 |
| -- | AVAILABLE |
| -- | 009822 |
| -- | Annex Low-Usage Collection |
| 995 ## - | |
| -- | BINDERY (DAMAGED) |
| -- | 0.00 |
| -- | 724461 |
| -- | CBU-MAIN LIBRARY (Kitwe) |
| -- | 1 |
| -- | 695.00 |
| -- | NA 200 Fle |
| -- | 2 |
| -- | DAMAGED |
| -- | 009823 |
| -- | Main Library Open Access Collection |
| 995 ## - | |
| -- | BINDERY (DAMAGED) |
| -- | 0.00 |
| -- | 724460 |
| -- | CBU-MAIN LIBRARY (Kitwe) |
| -- | 2 |
| -- | 695.00 |
| -- | NA 200 Fle |
| -- | 3 |
| -- | DAMAGED |
| -- | 009824 |
| -- | Main Library Open Access Collection |
| 999 ## - | |
| -- | 76302 |
| -- | 76302 |
| Withdrawn status | Lost status | Source of classification or shelving scheme | Damaged status | Not for loan | Permanent Location | Current Location | Shelving location | Date acquired | Total Checkouts | Full call number | Barcode | Date last seen | Copy number | Price effective from | Koha item type |
|---|---|---|---|---|---|---|---|---|---|---|---|---|---|---|---|
| CBU-MAIN LIBRARY, KITWE. | CBU-MAIN LIBRARY, KITWE. | 04/25/2023 | NA 200 Fle | 009822 | 04/25/2023 | 1 | 04/25/2023 | MONOGRAPH | |||||||
| CBU-MAIN LIBRARY, KITWE. | CBU-MAIN LIBRARY, KITWE. | 04/25/2023 | NA 200 Fle | 009823 | 04/25/2023 | 2 | 04/25/2023 | MONOGRAPH | |||||||
| CBU-MAIN LIBRARY, KITWE. | CBU-MAIN LIBRARY, KITWE. | 04/25/2023 | NA 200 Fle | 009824 | 04/25/2023 | 3 | 04/25/2023 | MONOGRAPH |